Rekordtransfers: RB Leipzig - Statistiken

Allgemein
  • Dieses Quiz wurde 117 mal gespielt
    79 seit der letzten Aktualisierung
  • Das Durchschnittsergebnis liegt bei 12 aus 19
Antwortstatistiken
Spieler % Korrekt
Dani Olmo
92%
Timo Werner
91%
David Raum
89%
André Silva
78%
Joško Gvardiol
78%
Kevin Kampl
74%
Naby Keïta
69%
Angeliño
68%
Benjamin Šeško
68%
Christoph Baumgartner
68%
Dayot Upamecano
58%
Dominik Szoboszlai
54%
Nicolas Seiwald
51%
Nordi Mukiele
51%
Amadou Haidara
49%
Ademola Lookman
35%
Ilaix Moriba
35%
Jean-Kévin Augustin
31%
Alexander Sørloth
20%
Keine übereinstimmenden Quizze gefunden
Verteilung der Resultate
Anzahl Personen mit jedem Resultat
Perzentil nach korrekt beantworteten Fragen
Ihre Resultats-Entwicklung
Sie haben dieses Quiz seit der letzten Aktualisierung nicht gespielt